| 000 | 01044nam a2200289 a 4500 | ||
|---|---|---|---|
| 001 | 1015 | ||
| 003 | BR-CuiBMT | ||
| 005 | 20231125231142.0 | ||
| 008 | 231125s2016 mgba 000 0 por d | ||
| 020 | _a9788545001034 | ||
| 040 |
_aBR-CuiBMT _cBR-CuiBMT |
||
| 080 |
_22007 _a351.712.2.025 |
||
| 090 |
_a351.712.2.025 _bS232t _c5. ed. |
||
| 100 | 1 |
_aSantana, Jair Eduardo, _d1962- |
|
| 245 | 1 | 0 |
_aTermo de referência : _bo impacto da especificação do objeto e do termo de referência na eficácia das licitações e contratos / _cJair Eduardo Santana, Tatiana Camarão, Anna Carla Duarte Chrispim. |
| 250 | _a5. ed. | ||
| 260 |
_aBelo Horizonte : _bFórum, _c2016. |
||
| 300 |
_a200 p. : _bil. ; _c22 cm |
||
| 504 | _aInclui bibliografia. | ||
| 650 | _aContratos administrativos | ||
| 650 |
_aLicitação pública _vLegislação _zBrasil |
||
| 650 | _aCompras (Serviço público) | ||
| 650 | _aObras públicas | ||
| 700 | 1 |
_aCamarão, Tatiana Martins da Costa, _d1969- |
|
| 700 | 1 | _aChrispim, Anna Carla Duarte | |
| 942 |
_2udc _cLV |
||
| 999 |
_c1015 _d1015 |
||